Mariah Carey UK Top 75 - Statistics

General Stats
  • This quiz has been taken 59 times
  • The average score is 29 of 43
Answer Stats
Chart Position Year Featured Artist Answer % Correct
#4 1995 Fantasy
93%
#3 1997 Honey
90%
#3 1996 Always Be My Baby
88%
#6 1995 Boyz II Men One Sweet Day
88%
#1 1994 All I Want for Christmas is You
85%
#2 1992 Trey Lorenz I'll Be There
85%
#17 1991 Emotions
83%
#3 1994 Luther Vandross Endless Love
83%
#7 1993 Hero
83%
#5 2008 Touch My Body
83%
#9 1990 Vision of Love
83%
#4 1998 Whitney Houston When You Believe
83%
#5 1999 Jay Z, Missy Elliott Heartbreaker
80%
#4 1998 My All
80%
#2 2005 We Belong Together
80%
#1 1994 Without You
80%
#1 2000 Westlife Against All Odds
78%
#10 2000 98° , Fat Joe Thank God I Found You
73%
#4 2005 Fatman Scoop/ Jermaine Dupri It's Like That
71%
#17 1992 Make it Happen
71%
#8 1994 Anytime You Need a Friend
68%
#20 1992 Can't Let Go
68%
#12 2001 Loverboy
68%
#52 2009 Obsessed
68%
#9 1993 Dreamlover
66%
#37 1990 Love Takes Time
66%
#22 1997 Butterfly
63%
#3 2003 Busta Rhymes I Know What You Want
63%
#4 1996 Open Arms
61%
#38 1991 Someday
61%
#8 2002 Through the Rain
61%
#67 2020 Ariana Grande/ Jennifer Hudson Oh Santa
59%
#9 2005 Jermaine Dupri Shake it Off/Get Your Number
59%
#16 1999 I Still Believe
56%
#22 2013 Miguel Beautiful
54%
#27 2006 Snoop Dogg Say Somethin'
51%
#19 2009 I Want to Know What Love is
49%
#11 2005 Don't Forget About Us
46%
#30 2008 Bye Bye
44%
#21 2022 Dj Khaled/Latto Big Energy
41%
#54 1991 There's Got to be a Way
39%
#17 2003 Cam'ron Boy ( I Need You)
37%
#32 2001 Mystikal Never Too Far/Don't Stop (Funkin 4 Jamaica)
29%
No matching quizzes found
Score Distribution
Percent of People with Each Score
Percentile by Number Answered
Your Score History
You have not taken this quiz